Statistics for Musicians & Bands associated with Michigan

Click here to take the quiz!

General Stats

  • This quiz has been taken 32 times
    (15 since last reset)
  • The average score is 15 of 31

Answer Stats

Hint Answer % Correct
Sir Duke (1976)Stevie Wonder
91%
Baby Love (1970)Supremes
82%
Lose Yourself (2002)Eminem
82%
Borderline (1983)Madonna
73%
Let's Stay Together (1971)Al Green
73%
I Wanna Be Your Dog (1969)Stooges
73%
Under the Bridge (1991)Red Hot Chili Peppers
64%
Tears of a Clown (1967)Smokey Robinson and the Miracles
64%
Beautiful Loser (1975)Bob Seger and the Silver Bullet Band
64%
Think (1968)Aretha Franklin
64%
Papa was a Rolling Stone (1972)Temptations
64%
The Heat is On (1984)Glenn Frey
55%
Mercy Mercy Me (1971)Marvin Gaye
55%
Some Kind of Wonderful (1974)Grand Funk Railroad
55%
The Freshman (1997)Verve Pipe
45%
It's the Same Old Song (1965)Four Tops
45%
Bawitdaba (1998)Kid Rock
45%
What I Like about you (1980)Romantics
45%
No More Mr. Nice Guy (1973)Alice Cooper
45%
Hotel Yorba (2001)White Stripes
36%
96 Tears (1966)Question Mark and the Mysterians
36%
Runaway (1961)Del Shannon
36%
Great White Buffalo (1978)Ted Nugent
36%
Devil with a Blue Dress On (1966)Mitch Ryder and the Detroit Wheels
36%
Kick Out the Jams (1969)MC5
27%
Lonely Teardrops (1960)Jackie Wilson
27%
Atomic Dog (1982)George Clinton and the Parliament Funkadelic
18%
Heat Wave (1963)Martha and the Vandellas
18%
Boom Boom (1962)John Lee Hooker
18%
Shout Bama Lama (2001 - Otis Redding remake)Detroit Cobras
9%
I Just Want to Celebrate (1971)Rare Earth
0%

Score Distribution

Percentile by Number Answered

Percent of People with Each Score

Your Score History

You have not taken this quiz since the last reset